Normal view
MARC view
Entry Topical Term
001 - CONTROL NUMBER
- control field: 27768
003 - CONTROL NUMBER IDENTIFIER
- control field: OSt
005 - DATE AND TIME OF LATEST TRANSACTION
- control field: 20230711150055.0
008 - FIXED-LENGTH DATA ELEMENTS
- fixed length control field: 230711|| aca||aabn | a|a d
040 ## - CATALOGING SOURCE
- Original cataloging agency: OSt
- Transcribing agency: OSt
150 ## - HEADING--TOPICAL TERM
- Topical term or geographic name entry element: သတင်းစာရှင်းလင်းပွဲ။
670 ## - SOURCE DATA FOUND
- Source citation: Work cat.: (OSt): နိုင်ငံတော်ငြိမ်ဝပ်ပိပြားမှုတည်ဆောက်ရေးအဖွဲ့အတွင်းရေးမှူး(၁)ဗိုလ်ချုပ်ခင်ညွှန့် ပြည်တွင်းပြည်ပ.../, ၁၉၉၁။